<?xml version="1.0" encoding="UTF-8"?>
<collection xmlns:xsi="http://www.w3.org/2001/XMLSchema-instance" xsi:schemaLocation="http://www.loc.gov/MARC21/slim http://www.loc.gov/standards/marcxml/schema/MARC21slim.xsd" xmlns="http://www.loc.gov/MARC21/slim">
 <record>
  <leader>00000cmm a22000004i 4500</leader>
  <controlfield tag="001">UP-99796217613708179</controlfield>
  <controlfield tag="003">Buklod</controlfield>
  <controlfield tag="005">20210524114023.0</controlfield>
  <controlfield tag="006">m    |o  d |      </controlfield>
  <controlfield tag="007">cr || |||a|a|a</controlfield>
  <controlfield tag="008">180908s2019    xx |||| o  u |      eng d</controlfield>
  <datafield tag="020" ind1=" " ind2=" ">
   <subfield code="a">9783319956695 (eBook ISBN)</subfield>
  </datafield>
  <datafield tag="035" ind1=" " ind2=" ">
   <subfield code="a">(iLib)UPD-00524270881</subfield>
  </datafield>
  <datafield tag="040" ind1=" " ind2=" ">
   <subfield code="a">DLC</subfield>
   <subfield code="d">DENGII</subfield>
   <subfield code="e">rda</subfield>
  </datafield>
  <datafield tag="041" ind1=" " ind2=" ">
   <subfield code="a">eng</subfield>
  </datafield>
  <datafield tag="084" ind1=" " ind2=" ">
   <subfield code="a">QA 267.7</subfield>
   <subfield code="b">B67 2019eb</subfield>
  </datafield>
  <datafield tag="100" ind1="1" ind2=" ">
   <subfield code="a">Borky, John M.</subfield>
   <subfield code="e">author.</subfield>
  </datafield>
  <datafield tag="245" ind1="1" ind2="0">
   <subfield code="a">Effective model-based systems engineering</subfield>
   <subfield code="c">John M. Borky, Thomas H. Bradley.</subfield>
  </datafield>
  <datafield tag="250" ind1=" " ind2=" ">
   <subfield code="a">First edition.</subfield>
  </datafield>
  <datafield tag="264" ind1=" " ind2="1">
   <subfield code="a">Cham</subfield>
   <subfield code="b">Springer International Publishing</subfield>
   <subfield code="c">[2019]</subfield>
  </datafield>
  <datafield tag="300" ind1=" " ind2=" ">
   <subfield code="a">1 online resource.</subfield>
  </datafield>
  <datafield tag="336" ind1=" " ind2=" ">
   <subfield code="a">text</subfield>
   <subfield code="2">rdacontent</subfield>
  </datafield>
  <datafield tag="337" ind1=" " ind2=" ">
   <subfield code="a">computer</subfield>
   <subfield code="2">rdamedia</subfield>
  </datafield>
  <datafield tag="338" ind1=" " ind2=" ">
   <subfield code="a">online resource</subfield>
   <subfield code="2">rdacarrier</subfield>
  </datafield>
  <datafield tag="505" ind1="0" ind2=" ">
   <subfield code="a">Introduction - Framing the Problem -- Applying Object Orientation to System Architecture -- MBSAP Methodology Overview -- Analyzing Requirements in an Operational Viewpoint -- Designing in a Logical/Functional Viewpoint -- Implementing in a Physical Viewpoint -- Implementing Service-Oriented Architectures for Enterprise Integration -- Extending Architecture to Real-Time Domains -- Developing the Network Dimension -- Protecting Information with Cybersecurity -- Using Prototypes Verification, and Validation to Evaluate and Enhance System Architecture -- Using Reference Architectures and Frameworks -- Architecting the Enterprise -- Applying Advanced Concepts -- Implementing Governance to Measure and Maintain Architecture Quality -- Appendix A - Quick Reference to Object-Oriented Design (OOD) and the Unified Modeling Language (UML) -- Appendix B - Quick Reference to the System Modeling Language (SysML), Profile of the Unified Modeling Language (UML) -- Appendix C -- System Architecture Example: E-X Airborne Multisensor Platform -- Appendix D - Summary of the Modeling and Analysis of Real-Time and Embedded (MARTE) Systems Profile of UML -- Appendix E - Listing of Information Technology (IT) Core Standards and Sources -- Appendix F - Defense in Depth (DiD) Defintions -- Appendix G - Common Cyber Attack Methods -- Appendix H - IEEE Computer Society Center for Secure Design (SD) List of Top 10 Security Flaws -- Appendix I - Software Testing Methods and Tools -- Appendix J - Open System Interconnect (OSI) Layers and Protocols -- Appendix K - Service-Oriented Architecture (SOA) Policy Requirements for Department of Defense (DoD) Programs.</subfield>
  </datafield>
  <datafield tag="506" ind1=" " ind2=" ">
   <subfield code="a">IP based subscription, on campus and remote access.</subfield>
   <subfield code="c">Access via Electronic Resources of the UPD Engineering Library and University Library websites.</subfield>
  </datafield>
  <datafield tag="533" ind1=" " ind2=" ">
   <subfield code="a">Electronic reproduction.</subfield>
   <subfield code="b">Cham</subfield>
   <subfield code="c">Springer</subfield>
   <subfield code="d">2019.</subfield>
   <subfield code="n">Available via World Wide Web through SpringerLink.</subfield>
  </datafield>
  <datafield tag="650" ind1=" " ind2="0">
   <subfield code="a">Computational complexity.</subfield>
  </datafield>
  <datafield tag="650" ind1=" " ind2="0">
   <subfield code="a">Computer simulation.</subfield>
  </datafield>
  <datafield tag="650" ind1=" " ind2="0">
   <subfield code="a">Econophysics.</subfield>
  </datafield>
  <datafield tag="650" ind1=" " ind2="0">
   <subfield code="a">Sociophysics.</subfield>
  </datafield>
  <datafield tag="650" ind1=" " ind2="0">
   <subfield code="a">System theory.</subfield>
  </datafield>
  <datafield tag="650" ind1=" " ind2="0">
   <subfield code="a">Electronic books.</subfield>
  </datafield>
  <datafield tag="700" ind1="1" ind2=" ">
   <subfield code="a">Bradley, Thomas H.</subfield>
   <subfield code="e">author.</subfield>
  </datafield>
  <datafield tag="710" ind1="2" ind2=" ">
   <subfield code="a">SpringerLink (Online service).</subfield>
  </datafield>
  <datafield tag="856" ind1="4" ind2="0">
   <subfield code="z">Available for University of the Philippines Diliman via SpringerLink. Click here to access</subfield>
   <subfield code="u">http://doi.org/10.1007/978-3-319-95669-5</subfield>
  </datafield>
  <datafield tag="856" ind1="4" ind2="0">
   <subfield code="z">Also available remotely for University of the Philippines Diliman via SpringerLink. Click here to access thru EZproxy</subfield>
   <subfield code="u">https://link.springer.com.ezproxy.engglib.upd.edu.ph/book/10.1007%2F978-3-319-95669-5</subfield>
  </datafield>
  <datafield tag="856" ind1=" " ind2=" ">
   <subfield code="z">(viewed 24 May 2021)</subfield>
  </datafield>
  <datafield tag="905" ind1=" " ind2=" ">
   <subfield code="a">FO</subfield>
  </datafield>
  <datafield tag="852" ind1="0" ind2=" ">
   <subfield code="a">UPD</subfield>
   <subfield code="b">DENG-II</subfield>
  </datafield>
  <datafield tag="942" ind1=" " ind2=" ">
   <subfield code="a">Electronic Resource</subfield>
  </datafield>
 </record>
</collection>
